ARRUPE JESUIT UNIVERSITY

CORONAVIRUS -STOP THE SPREAD - CLEAN,DISINFECT,COVER

Kwame Nkrumah : (Record no. 27504)

MARC details
000 -LEADER
fixed length control field 00791cam a2200253 i 4500
001 - CONTROL NUMBER
control field 439553
003 - CONTROL NUMBER IDENTIFIER
control field ARRUPE
005 - DATE AND TIME OF LATEST TRANSACTION
control field 20170607120818.0
008 - FIXED-LENGTH DATA ELEMENTS--GENERAL INFORMATION
fixed length control field 820304s1978 enk 000 0beng
010 ## - LIBRARY OF CONGRESS CONTROL NUMBER
LC control number 81471418
015 ## - NATIONAL BIBLIOGRAPHY NUMBER
National bibliography number GB79-03321
020 ## - INTERNATIONAL STANDARD BOOK NUMBER
International Standard Book Number 0722311826 :
Terms of availability £1.50
040 ## - CATALOGING SOURCE
Original cataloging agency DLC
Transcribing agency DLC
Modifying agency DLC
043 ## - GEOGRAPHIC AREA CODE
Geographic area code f-gh---
050 00 - LIBRARY OF CONGRESS CALL NUMBER
Classification number DT512.3.N57
Item number A78 1978
082 00 - DEWEY DECIMAL CLASSIFICATION NUMBER
Classification number 966.7/05/0924
-- B
Edition number 19
300 ## - PHYSICAL DESCRIPTION
Dimensions 18 cm.
100 1# - MAIN ENTRY--PERSONAL NAME
Personal name Assensoh, A. B.
9 (RLIN) 32227
245 10 - TITLE STATEMENT
Title Kwame Nkrumah :
Remainder of title six years in exile, 1966-1972 /
Statement of responsibility, etc [by] A.B. Assensoh.
260 ## - PUBLICATION, DISTRIBUTION, ETC. (IMPRINT)
Place of publication, distribution, etc Ilfracombe :
Name of publisher, distributor, etc Stockwell,
Date of publication, distribution, etc 1978.
300 ## - PHYSICAL DESCRIPTION
Extent 68 p. ;
600 10 - SUBJECT ADDED ENTRY--PERSONAL NAME
Personal name Nkrumah, Kwame,
Dates associated with a name 1909-1972.
9 (RLIN) 32228
650 #0 - SUBJECT ADDED ENTRY--TOPICAL TERM
Topical term or geographic name as entry element Presidents
Geographic subdivision Ghana
General subdivision Biography.
9 (RLIN) 32229
906 ## - LOCAL DATA ELEMENT F, LDF (RLIN)
a 7
b cbc
c orignew
d 4
e ncip
f 19
g y-gencatlg
942 ## - ADDED ENTRY ELEMENTS (KOHA)
Source of classification or shelving scheme Library of Congress Classification
Koha item type Monograph ( Printed materials)
Holdings
Withdrawn status Lost status Source of classification or shelving scheme Damaged status Not for loan Collection code Home library Current library Date acquired Total Checkouts Full call number Barcode Date last seen Date checked out Copy number Price effective from Koha item type
    Library of Congress Classification     Main Collection ARRUPE LIBRARY ARRUPE LIBRARY 04/03/2013 3 DT512.3.N57A78 1978 46600000112 07/12/2017 01/11/2016 1 04/03/2013 Monograph ( Printed materials)

 

Arrupe Library. PO Box MP320 Mt Pleasant, Harare, Zimbabwe
263 242 745411|librarian@aju.ac.zw